000
00310nam a22001457a 4500
003
SGT
020
_a
978-1-84920-565-8
082
_a
616.89
_b
C13W
100
_a
WILLS, FRANK
245
_a
COGNITIVE BEHAVIOUR THERAPY
250
_a
3RD
260
_a
ANGELES
_b
SAGE
_c
2013
300
_a
343
942
_2
ddc
_c
BK
999
_c
16206
_d
16206